000 01532nam a2200277Ia 4500
999 _c54180
_d54180
001 21236
003 GE_BSU
005 20211006140814.0
008 181216s2016||||ge |||||||||||||| ||geo||
020 _a9789941227172
040 _cGE_BSU
041 _ageo
080 _a330.34(479.22) ე-82
100 _aერქომაიშვილი, გულნაზ
_92815
245 _aსაქართველოს განვითარების ეკონომიკური პოლიტიკის პრიორიტეტული მიმართულებები /
_cგულნაზ ერქომაიშვილი ; რედ. რევაზ გველესიანი.
264 _aთბილისი :
_bუნივერსალი,
_c2016.
300 _a147 გვ. ;
_c 21 სმ.
504 _aბიბლიოგრაფია გვ. : 134-140
520 _aრეზიუმე ინგისურ ენაზე გვ. : 141-147
541 _h17ლ.50თ.
546 _aპარალელური სათაური ინგლისურ ენაზე
653 _aეკონომიკა
653 _aსაქართველოს განვითარების ეკონომიკური პოლიტიკის პრიორიტეტული მიმართულებები
700 _aგველესიანი, რევაზ
_eრედაქტორი
_93195
942 _cBK
_2udc